Ч. 2: Специальные виды документов; RUSMARC в примерах

Bibliografiske detaljer
Parent link:RUSMARC в примерах: учебное пособие для каталогизаторов/ Российская национальная библиотека (РНБ) ; ЛИБНЕТ. Ч. 2: Специальные виды документов.— , 2003-
Summary:Издание представляет собой вторую часть учебного пособия по машиночитаемой каталогизации в системе российских национальных форматов RUSMARC (официальной российской версии UNIMARC). Пособие включает анализ 56 примеров из практики текущей каталогизации Российской национальной библиотеки в период 1998-2004 гг. Рассматриваются следующие специальные виды документов: нотные, картографические, аудиовизуальные, нормативно-технические и технические документы (стандарты, патенты, промышленные каталоги и т.д.), неопубликованные документы (диссертации), электронные ресурсы. Примеры снабжены подробными примечаниями и комментариями для каталогизаторов. Учебное пособие составлено по заказу Национального информационно-библиотечного центра ЛИБНЕТ в помощь каталогизаторам, участвующим в создании Сводного каталога библиотек России. Пособие может быть также использовано студентами и аспирантами библиотечных факультетов университетов культуры.
Sprog:russisk
Udgivet: 2004
Fag:
Format: MixedMaterials Bog
KOHA link:https://koha.lib.tpu.ru/cgi-bin/koha/opac-detail.pl?biblionumber=150157

MARC

LEADER 00000nam2a2200000 4500
001 150157
005 20231031150120.0
010 |a 5818308022 
010 |a 5-9900134-2-6 
035 |a (RuTPU)RU\TPU\book\162771 
035 |a RU\TPU\book\162770 
090 |a 150157 
100 |a 20081226d2004 m y0rusy50 ca 
101 0 |a rus 
102 |a RU 
105 |a a j 001zy 
200 0 |a Ч. 2: Специальные виды документов 
210 |d 2004 
215 |a 672 с.  |c ил. 
320 |a Указатель полей и предметный указатель: с. 661-665. 
330 |a Издание представляет собой вторую часть учебного пособия по машиночитаемой каталогизации в системе российских национальных форматов RUSMARC (официальной российской версии UNIMARC). Пособие включает анализ 56 примеров из практики текущей каталогизации Российской национальной библиотеки в период 1998-2004 гг. Рассматриваются следующие специальные виды документов: нотные, картографические, аудиовизуальные, нормативно-технические и технические документы (стандарты, патенты, промышленные каталоги и т.д.), неопубликованные документы (диссертации), электронные ресурсы. Примеры снабжены подробными примечаниями и комментариями для каталогизаторов. Учебное пособие составлено по заказу Национального информационно-библиотечного центра ЛИБНЕТ в помощь каталогизаторам, участвующим в создании Сводного каталога библиотек России. Пособие может быть также использовано студентами и аспирантами библиотечных факультетов университетов культуры. 
461 1 |0 (RuTPU)RU\TPU\book\163085  |t RUSMARC в примерах  |o учебное пособие для каталогизаторов  |f Российская национальная библиотека (РНБ) ; ЛИБНЕТ  |v Ч. 2: Специальные виды документов  |d 2003-  
610 1 |a библиотечное дело 
610 1 |a каталогизация 
610 1 |a библиотечные каталоги 
610 1 |a библиографическое описание 
610 1 |a электронные каталоги 
610 1 |a RUSMARC 
610 1 |a документы 
610 1 |a специальные виды 
610 1 |a нотные документы 
610 1 |a картографические документы 
610 1 |a аудиовизуальные документы 
610 1 |a примеры 
610 1 |a методика 
610 1 |a учебные пособия 
686 |a Ч736.23я73  |v LBC/SL-A  |2 rubbk 
801 1 |a RU  |b 63413507  |c 20081226  |g PSBO 
801 2 |a RU  |b 63413507  |c 20090119  |g PSBO 
942 |c BK